000 01936cam a22004814i 4500
003 PE-LiUPU
005 20251009181020.0
008 19uu----19uu xx a rb 000 0 spa d
020 _z(Sin ISBN)
035 _aPE-LiUPU20250715EVSJ
040 _aPE-LiUPU
_bspa
_cPE-LiUPU
_erda
082 _a226.5
_bA634
_223
130 0 _aBiblia.
_pN.T.
_pJuan.
_lEspañol.
_sReina-Valera
245 1 4 _aEl Nuevo Testamento de Nuestro Señor Jesucristo :
_bEl Santo Evangelio según San Juan /
_cAntigua versión de Casiodoro de Reina revisada por Cipriano de Valera, cotejada con diversas traducciones y con el texto griego.
246 1 _aNuevo Testamento de nuestro Señor Jesucristo. Evangelio de San Juan
264 1 _aLouisville, Kentucky :
_bImprenta Americana para los Ciegos ;
_a[sin fecha].
264 2 _a[S.l.] :
_bSociedad Bíblica Americana,
_c[entre 1940 y 1965?]
300 _a1 volumen en braille ;
_c28 cm
336 _atext
_2rdacontent
337 _atactile
_2rdamedia
338 _avolume
_2rdacarrier
500 _aTexto impreso en Braille español.
500 _aEdición basada en la versión Reina-Valera revisada, cotejada con el texto griego.
526 _aSEG42
526 _aSEG41
526 _aSEG40
526 _aSEG39
526 _aP94
526 _aP87
526 _aP86
526 _aP85
526 _aP77
526 _aP76
526 _aP35
534 _pVersión original publicada por:
_cSociedad Bíblica Americana, fundada en 1816.
546 _aTexto en español en sistema braille.
630 1 4 _aBiblia.
_pJuan
_vTextos para personas con discapacidad visual.
_96009
710 _aSociedad Bíblica Americana,
_eeditor.
_96010
710 _aImprenta Americana para los Ciegos (Louisville, Ky.),
_eimpresor.
_96011
942 _2ddc
_cBK
980 _818226
_gJaime Vilcazán Jefe de Análisis Documental
999 _c44092
_d44092